000 00501nam a2200169Ia 4500
999 _c14211
_d14211
003 OSt
005 20201027115132.0
008 190216s9999||||xx |||||||||||||| ||und||
040 _coclc
082 _a823.8
_bCLE/H
100 _aCleaver, Reginald
_95332
245 0 _aHumorous Tales From Rudyard Kipling /
_cReginald Cleaver
260 _bPerfect Books ,
_c1996.
_aNew Delhi:
300 _a512p
650 _aEnglish Literature
942 _cBK
_2ddc
_h823.8
_iCLE/H
_k823.8
_mCLE/H